Atención integrada a las enfermedades prevalentes de la infancia (Registro nro. 273504)
[ vista simple ]
| 000 -ENCABEZADO | |
|---|---|
| Número de control [NR] | 01040 a2200253 4500 |
| 005 - FECHA Y HORA DE LA ÚLTIMA TRANSACCIÓN | |
| control field | 20240912134349.0 |
| 008 - DE LONGITUD FIJA DE DATOS DE ELEMENTOS - INFORMACIÓN GENERAL | |
| Elementos de longitud fija [NR] | 140610s2012 ck ad fr|||| 00| 0 spa d |
| 020 ## - NUMERO INTERNACIONAL NORMALIZADO PARA LIBROS [R] | |
| Número Internacional Normalizado del libro [NR] | 9789588472133 |
| 040 ## - FUENTE DE CATALOGACION [NR] | |
| Agencia de catalogación original [NR] | CO-BoUCM |
| Idioma de catalogación [NR] | spa |
| Quien Cataloga | Jose A. Gerena |
| Quien Clasifica | David Moreno (modificó) |
| 041 0# - CODIGO DE IDIOMA [R] | |
| Código de idioma para texto/pista de sonido o título separado [R] | Español |
| 060 0# - SIGNATURA TOPOGRAFICA DE LA BIBLIOTECA NACIONAL DE MEDICINA (NLM) [R] | |
| Número clasificador [R] | WS 200 |
| 245 ## - MENCION DE TITULO [NR] | |
| Título [NR] | Atención integrada a las enfermedades prevalentes de la infancia |
| Parte restante del título [NR] | cuadro de procedimientos |
| Mención de responsabilidad, etc. [NR] | Organización Panamericana de la Salud, OPS |
| 260 ## - PUBLICACION, DISTRIBUCION, ETC. (PIE DE IMPRENTA) [R] | |
| Fecha de publicación, distribución, etc. [R] | 2012 |
| Nombre del editor, distribuidor, etc. [R] | Organización Panamericana de la Salud, OPS |
| Lugar de publicación, distribución, etc. [R] | Bogotá (Colombia) |
| 300 ## - DESCRIPCION FISICA [R] | |
| Extensión [R] | 141 páginas |
| Otros detalles físicos [NR] | ilustraciones, cuadros, gráficas |
| 650 #7 - ASIENTO SECUNDARIO DE MATERIA - TERMINO TEMATICO [R] | |
| 9 (RLIN) | 14396 |
| Término temático o nombre geográfico como elemento de entrada [NR] | Enfermedades en niños |
| 650 #7 - ASIENTO SECUNDARIO DE MATERIA - TERMINO TEMATICO [R] | |
| Término temático o nombre geográfico como elemento de entrada [NR] | Pediatria |
| 9 (RLIN) | 21221 |
| 650 #7 - ASIENTO SECUNDARIO DE MATERIA - TERMINO TEMATICO [R] | |
| 9 (RLIN) | 23940 |
| Término temático o nombre geográfico como elemento de entrada [NR] | Salud infantil |
| 650 #7 - ASIENTO SECUNDARIO DE MATERIA - TERMINO TEMATICO [R] | |
| Término temático o nombre geográfico como elemento de entrada [NR] | Diagnóstico de enfermedades infantiles |
| 9 (RLIN) | 8073 |
| 650 #7 - ASIENTO SECUNDARIO DE MATERIA - TERMINO TEMATICO [R] | |
| Término temático o nombre geográfico como elemento de entrada [NR] | Enfermedades infantiles |
| 9 (RLIN) | 182729 |
| 690 ## - ASUNTO AGREGADO LOCAL DE ENTRADA - TÉRMINO TEMÁTICO (OCLC, RLIN) | |
| Acceso temático local | Pediatría |
| 9 (RLIN) | 21221 |
| 710 2# - ASIENTO SECUNDARIO - NOMBRE CORPORATIVO [R] | |
| Nombre corporativo o de jurisdicción como elemento de entrada [NR] | Ministerio de Salud y Protección Social |
| 9 (RLIN) | 62399 |
| 710 2# - ASIENTO SECUNDARIO - NOMBRE CORPORATIVO [R] | |
| Nombre corporativo o de jurisdicción como elemento de entrada [NR] | Organización Panamericana de la Salud, OPS |
| 9 (RLIN) | 41104 |
| 942 ## - ELEMENTOS DE ENTRADA AGREGADOS (KOHA) | |
| Tema principal | Medicina |
| Tipo de ítem principal el descrito en 300a | Libro |
| Edición | 1 |
| Parte restante de la signatura top. | C961 |
| Sistema de clasificación | NLM |
| Clasificación | WS 200 |
| Título oculto en OPAC | No |
| Fecha de último préstamo | Total préstamos | Total Renewals | Signatura topográfica | Código de barras | Última vez visto | Ejemplar | Costo de reposición | Price effective from | Tipo de ítem | Perdido | Sistema de clasificación | Dañado | No prestable | Tipo de ítem específico | Suprimido | Ubicación habitual | Ubicación actual | Localización | Fecha de creación | Proveedor | Forma de adquisición | Costo |
|---|---|---|---|---|---|---|---|---|---|---|---|---|---|---|---|---|---|---|---|---|---|---|
| 29/07/2025 | 23 | 18 | WS 200 C961a | 200027700 | 12/12/2025 | Ej.1 | 26000.00 | 04/06/2014 | Libro | NLM | Libro | Quinta de Mutis | Quinta de Mutis | 2do piso | 04/06/2014 | 12 | Donación | 0.00 | ||||
| 25/09/2025 | 5 | WS 200 C961a | 100173141 | 12/12/2025 | Ej.2 | 12/09/2024 | Libro | NLM | Libro | Quinta de Mutis | Quinta de Mutis | 2do piso | 12/09/2024 | Compra | 40000.00 |